Programmierung von

Guardado en:
Detalles Bibliográficos
Autor principal: Werner, D. (Autor)
Formato: Libro
Lenguaje:alemán
Publicado: Berlin : Verlag Technik, 1986
Etiquetas: Agregar Etiqueta
Sin Etiquetas, Sea el primero en etiquetar este registro!

MARC

LEADER 00000nam a22000003a 4500
001 stu85481
005 20150617225633.9
008 040331s1986------------------------ger-d
040 |a STU  |b slo 
041 0 |a ger 
100 1 |a Werner, D.  |4 aut 
245 1 |a Programmierung von 
260 |a Berlin :  |b Verlag Technik,  |c 1986 
996 |b E60953  |c E*60953  |l EE05  |s P  |a 0  |w stu85481_0002